|
|
|
|
| LEADER |
00000nab a2200000uu 4500 |
| 001 |
vtls012230314 |
| 003 |
SK-MaSNL |
| 005 |
20260305010844.0 |
| 008 |
230524|2013 xo |||||||||||||||||slo| |
| 015 |
|
|
|a SNBRB
|
| 040 |
|
|
|a SNKBUCL
|b slo
|c SNKBUCL
|e AACR2
|
| 041 |
0 |
|
|a slo
|
| 044 |
|
|
|a xo
|c SK
|
| 080 |
|
|
|a 929-058.1
|2 2011
|
| 080 |
|
|
|a 616.61-055.1
|2 2011
|
| 080 |
|
|
|a 616-053.2-051
|2 2011
|
| 100 |
1 |
|
|a Murín, Gustáv,
|d 1959-
|4 aut
|9 105033
|
| 245 |
1 |
0 |
|a Osobnosti slovenskej vedy
|b prof. MUDr. Miroslav Šašinka, DrSc.
|c Gustáv Murín
|
| 600 |
1 |
7 |
|a Šašinka, Miroslav,
|d 1935-2019
|2 SNKMA
|9 196959
|
| 650 |
0 |
7 |
|a osobnosti
|2 SNKPH
|9 29820
|
| 650 |
0 |
7 |
|a slovenskí vedci
|2 SNKPH
|9 79914
|
| 650 |
0 |
7 |
|a nefrológovia
|2 SNKPH
|9 198251
|
| 650 |
0 |
7 |
|a pediatri
|2 SNKPH
|9 51572
|
| 655 |
|
7 |
|a profily
|2 SNKPH
|9 341977
|
| 773 |
0 |
|
|t Slovenské pohľady
|g Roč. IV.+129, č. 10 (2013), s. 140
|
| 852 |
|
|
|a Slovenská národná knižnica
|
| 954 |
|
|
|a odborná, vedecká literatúra pôvodná (slovenská)
|2 lita
|
| 958 |
|
|
|a BX
|
| 999 |
|
|
|c 3249014
|d 3250944
|